المعرض الشامل للدكتور طه حسين

محفوظ في:

مؤلف مشترك: Ministry of Culture.

التنسيق: كتاب

اللغة: Undetermined

منشور في: Cairo al-Hayʼah al-Miṣrīyah al-ʻĀmmah lil-Kitāb 1978

الوسوم: إضافة وسم

لا توجد وسوم, كن أول من يضع وسما على هذه التسجيلة!

رقم الطلب: A80 MUHA

LEADER 00374nam a2200121Ia 4500
008 240404s9999||||xx |||||||||||||| ||und||
050 4 |a A80 MUHA 
110 0 |a Ministry of Culture. 
245 1 0 |a المعرض الشامل للدكتور طه حسين 
264 1 |a Cairo  |b al-Hayʼah al-Miṣrīyah al-ʻĀmmah lil-Kitāb  |c 1978 
300 |a 18  |b plates  |c 21 
942 |2 lcc  |c BK 
999 |c 58057  |d 58057